000 00375nam a2200145Ia 4500
008 210716s2008 xx 000 0 und d
020 _a1420055461
041 _aeng
082 _a658.408 DARJ
100 _aDarabaris, John.
245 _aCorporate environmental management.
260 _aNew York
_bCRC Press
_c2008
300 _axiii,206
650 _aCorporate Governance
999 _c205352
_d205352